000 00608cam a2200217 4500500
005 20260405003920.0
041 _afre
042 _adc
100 1 0 _aGarcia, Tristan
_eauthor
245 0 0 _aEst-ce que tout agit ?
260 _c2025.
500 _a74
690 _aAction
690 _aAgentivité
690 _aAgir
690 _aMétaphysique
690 _aTristan Garcia
690 _aVivant
786 0 _nPhilosophie magazine | 189 | 5 | 2025-05-01 | p. 41-43 | 1951-1787
856 4 1 _uhttps://shs.cairn.info/magazine-philosophie-magazine-2025-5-page-41?lang=fr&redirect-ssocas=7080
999 _c2072065
_d2072065